La charité chrétienne dans les prémiers siècles de l'Eglise / (Record no. 48136)

MARC details
000 -LEADER
campo de control de longitud fija 00523nam a22001575i 4500
001 - NÚMERO DE CONTROL
campo de control 48136
003 - IDENTIFICADOR DE NÚMERO DE CONTROL
campo de control ES-MaACL
007 - CAMPO FIJO DE DESCRIPCIÓN FÍSICA--INFORMACIÓN GENERAL
campo de control de longitud fija t|
008 - DATOS DE LONGITUD FIJA--INFORMACIÓN GENERAL
campo de control de longitud fija 950706s1854 fr ||||1| fre d
040 ## - FUENTE DE CATALOGACIÓN
Centro catalogador/agencia de origen CAM
Lengua de catalogación spa
Centro/agencia transcriptor CAM
100 1# - ENTRADA PRINCIPAL--NOMBRE DE PERSONA
Nombre de persona Champagny, Franz de.
9 (RLIN) 37909
245 13 - MENCIÓN DEL TÍTULO
Título La charité chrétienne dans les prémiers siècles de l'Eglise /
Mención de responsabilidad, etc. par le Comte Franz de Champgny.
260 ## - PUBLICACIÓN, DISTRIBUCIÓN, ETC.
Lugar de publicación, distribución, etc. Paris :
Nombre del editor, distribuidor, etc. Ch. Douniol :
-- L. Maison,
Fecha de publicación, distribución, etc. 1854 (
Fabricante Imprimerie de W. Remquet et Cie)
300 ## - DESCRIPCIÓN FÍSICA
Extensión VII, 386 p. ;
Dimensiones 18 cm.
852 ## - LOCALIZACIÓN
Ubicación ES-MaACL
Número de control de estantería G-10287
Holdings
Estatus retirado Estado de pérdida Estado de daño No para préstamo Colección Biblioteca de origen Biblioteca actual Ubicación en estantería Fecha de adquisición Fuente de adquisición Total de préstamos Signatura topográfica completa Código de barras Visto por última vez Precio de reemplazo Tipo de ítem Koha
        Libros del s. XIX Biblioteca del Ateneo de Madrid Biblioteca del Ateneo de Madrid Sala Pecera Planta 3 17/01/2008     G-10287 1050662 23/02/2023 23/02/2023 Libro impreso antiguo